[Event "AUTO-OPEN-426"]
[Site "http://www.queenalice.com/game.php?id=120085"]
[Date "2006.10.22"]
[Round "1"]
[White "Gota"]
[Black "Thanatu"]
[Result "1-0"]
[WhiteElo "1061"]
[BlackElo "1353"]

1. e4 e5 2. Bc4 Nf6 3. Nf3 Nxe4 4. Qe2 f5 5. Nxe5 Nd6 6. Nf7+ Be7 7. Nxd8 Kxd8
8. b4 a6 9. d3 Nc6 10. b5 axb5 11. Bf7 Nxf7 12. Ba3 Re8 13. Bc1 Bg5 14. Be3 Nd4
15. Qd2 Nc6 16. O-O Nfe5 17. Bxg5+ Re7 18. d4 Nc4 19. Qc3 Ra3 20. Nxa3 Nxa3 21.
Qxa3 d6 22. Qe3 Ne5 23. dxe5 Kd7 24. e6+ Rxe6 25. Qa7 b6 26. Rae1 Rg6 27. c4
Rxg5 28. cxb5 h5 29. Re3 f4 30. Rf3 Rf5 31. g4 Rg5 32. h3 Ke6 33. Qxc7 Rc5 34.
Qxg7 Bd7 35. Rxf4 Bxb5 36. Qg6+ Kd7 37. Rf5 Bxf1 38. Kxf1 Rxf5 39. Qxf5+ Kc6 40.
gxh5 d5 41. h6 Kc5 42. h7 Kc4 43. h8=Q b5 44. Qf4+ Kc5 45. h4 d4 46. h5 Kc4 47.
Qfxd4# 1-0

[Event "AUTO-OPEN-426"]
[Site "http://www.queenalice.com/game.php?id=120086"]
[Date "2006.10.22"]
[Round "1"]
[White "Thanatu"]
[Black "Gota"]
[Result "1-0"]
[WhiteElo "1214"]
[BlackElo "1085"]

1. e3 e5 2. Qf3 Bc5 3. Bc4 Nf6 4. Nh3 h6 5. b4 Bxb4 6. Qe4 d5 7. Qxe5+ Qe7 8.
Qf4 Qe4 9. Nc3 Bxc3 10. dxc3 Qxc4 11. e4 Qxc3+ 12. Kd1 Qxa1 13. exd5 Bg4+ 14.
Kd2 Nc6 15. Qxc7 O-O 16. Qxb7 Rae8 17. Qxc6 Re6 18. dxe6 fxe6 19. Nf4 Rd8+ 20.
Ke3 Nd5+ 21. Ke4 Nc3+ 22. Ke3 Nd1+ 23. Ke4 Nc3+ 24. Ke3 Bf5 25. Qc7 Rd1 26. Qc8+
Kh7 27. Rxd1 g5 28. Qc7+ Kh8 29. Rd8# 1-0

[Event "AUTO-INT-218"]
[Site "http://www.queenalice.com/game.php?id=120123"]
[Date "2006.10.22"]
[Round "1"]
[White "karpano"]
[Black "Thanatu"]
[Result "1-0"]
[WhiteElo "1717"]
[BlackElo "1340"]

1. d4 d5 2. c4 dxc4 3. e3 b5 4. a4 a6 5. axb5 c5 6. bxc6 Nxc6 7. Bxc4 Nh6 8. Nf3
a5 9. O-O e6 10. Nc3 Bb4 11. Qa4 Bd7 12. Bb5 f6 13. Bxc6 Bxc6 14. Qd1 e5 15.
dxe5 fxe5 16. Qxd8+ Kxd8 17. Rd1+ Kc7 18. Nxe5 Bb5 19. Nxb5+ Kb6 20. Nd4 Rhe8
21. Nc4+ Kc5 22. b3 Kd5 23. Nb6+ Kc5 24. Nxa8 Rxa8 25. Ne6+ Kc6 26. Bd2 Bd6 27.
Rxa5 Re8 28. Nxg7 Rg8 29. Bc3 Bc7 30. Ra6+ Bb6 31. Bd4 Rb8 32. Bxb6 Nf7 33. Ba7+
Kb7 34. Bxb8 Kxa6 35. h4 Kb7 36. Bf4 Kb6 37. Ne6 Kb5 38. Rd4 h5 39. Rd5+ Kb4 40.
Nd4 1-0

[Event "AUTO-INT-218"]
[Site "http://www.queenalice.com/game.php?id=120124"]
[Date "2006.10.22"]
[Round "1"]
[White "Thanatu"]
[Black "karpano"]
[Result "0-1"]
[WhiteElo "1341"]
[BlackElo "1715"]

1. e3 d5 2. d4 Nf6 3. Nf3 e6 4. Ne5 Be7 5. Bb5+ Nbd7 6. Nd3 a6 7. Ba4 O-O 8. b3
b5 9. Kd2 bxa4 10. Nc3 Ne4+ 11. Nxe4 dxe4 12. Nf4 e5 13. dxe5 Nxe5+ 14. Ke1
Qxd1+ 15. Kxd1 Bg4+ 16. Ne2 Bxe2+ 17. Kxe2 Bb4 18. Bb2 f6 19. Rad1 Rfd8 20. f4
exf3+ 21. gxf3 Rxd1 22. Rxd1 c5 23. c3 Ba5 24. bxa4 Bc7 25. Ba3 Bb6 26. f4 Nc4
27. Bc1 h6 28. a5 Bxa5 29. Kd3 Rd8+ 30. Kc2 Rxd1 31. Kxd1 Bxc3 32. e4 Nd6 33. e5
fxe5 34. fxe5 Bxe5 35. a4 Bxh2 36. Be3 c4 37. Kc2 Kf7 38. Kc3 Ke6 39. Kd4 Nf5+
40. Ke4 c3 41. Kf3 Nxe3 0-1

[Event "AUTO-INT-218"]
[Site "http://www.queenalice.com/game.php?id=120137"]
[Date "2006.10.22"]
[Round "1"]
[White "MaxAttax"]
[Black "Thanatu"]
[Result "1-0"]
[WhiteElo "1651"]
[BlackElo "1331"]

1. c4 c5 2. g3 g6 3. Bg2 Nf6 4. Nc3 e6 5. Nf3 Nc6 6. O-O h5 7. h3 d5 8. cxd5
exd5 9. d4 cxd4 10. Nxd4 Nb4 11. a3 Na6 12. Bg5 Be7 13. Rc1 b5 14. Ncxb5 Bd7 15.
Bxf6 Bxf6 16. Nd6+ Ke7 17. N4b5 Bxb5 18. Nxb5 d4 19. Bxa8 Qxa8 20. Qa4 Qb7 21.
Nxd4 Rd8 22. Nc6+ Ke8 23. Nxd8+ Kxd8 24. Rfd1+ Ke7 25. b4 Bb2 26. Rc2 Be5 27.
Rcd2 Ke6 28. Qd7+ Qxd7 29. Rxd7 Nb8 30. Rxa7 f5 31. a4 Nc6 32. Ra6 g5 33. b5 f4
34. gxf4 Bxf4 35. Rxc6+ Kf5 36. e3 Be5 37. Rd5 g4 38. hxg4+ Ke4 39. Rxe5+ 1-0

[Event "AUTO-INT-218"]
[Site "http://www.queenalice.com/game.php?id=120138"]
[Date "2006.10.22"]
[Round "1"]
[White "Thanatu"]
[Black "MaxAttax"]
[Result "0-1"]
[WhiteElo "1328"]
[BlackElo "1654"]

1. e3 d5 2. d4 Nf6 3. Nc3 g6 4. Bb5+ c6 5. Ba4 Bg7 6. f4 Bg4 7. Nge2 O-O 8. h3
Bf5 9. g4 Be4 10. Rf1 a5 11. Nxe4 Nxe4 12. f5 b5 13. Bb3 a4 14. Bxa4 bxa4 15.
Nc3 Qa5 16. b4 Qxb4 17. Bd2 Nxd2 18. Kxd2 Na6 19. a3 Qd6 20. Nxa4 c5 21. dxc5
Nxc5 22. Nc3 Ne4+ 23. Nxe4 dxe4+ 24. Ke2 Qxd1+ 25. Raxd1 Rxa3 26. c4 Rc3 27.
fxg6 fxg6 28. Rg1 Rxc4 29. Rd7 Rc2+ 30. Kd1 Ra2 31. Rxe7 Ra1+ 32. Ke2 Rxg1 33.
Kd2 Rd8+ 34. Ke2 Rg2+ 35. Kf1 Rdd2 36. Ke1 Ra2 37. Kf1 Rgb2 38. Rd7 Ra1+ 0-1

[Event "AUTO-INT-218"]
[Site "http://www.queenalice.com/game.php?id=120145"]
[Date "2006.10.22"]
[Round "1"]
[White "Shydo"]
[Black "Thanatu"]
[Result "1-0"]
[WhiteElo "1587"]
[BlackElo "1300"]

1. d4 d5 2. c4 dxc4 3. Nc3 e6 4. e4 Nh6 5. Bxh6 gxh6 6. Bxc4 e5 7. Qf3 Qe7 8.
Nd5 Qd7 9. Nf6+ Ke7 10. Nxd7 Bg7 11. Qxf7+ Kd6 12. Nxb8 Rxb8 13. Qxg7 Bd7 14.
Qxe5+ Kc6 15. Qd5+ Kb6 16. Qxd7 Rbd8 17. Qb5# 1-0

[Event "AUTO-INT-218"]
[Site "http://www.queenalice.com/game.php?id=120146"]
[Date "2006.10.22"]
[Round "1"]
[White "Thanatu"]
[Black "Shydo"]
[Result "0-1"]
[WhiteElo "1214"]
[BlackElo "1617"]

1. e3 e5 2. Qf3 c6 3. Bc4 Nf6 4. Nh3 d5 5. Bb3 Na6 6. Ng5 Nc5 7. d4 Nxb3 8. axb3
exd4 9. Ra4 Bd6 10. Rxd4 b6 11. e4 c5 12. Rd2 O-O 13. Nc3 d4 14. Nb5 Bb8 15. b4
Ng4 16. bxc5 Qxg5 17. Rxd4 Qxc1+ 18. Rd1 Qxc2 19. Na3 Qxb2 20. e5 Qxe5+ 21. Kd2
Rd8+ 22. Kc2 Qxc5+ 23. Kb3 Be6+ 24. Kb2 Be5+ 25. Kb1 Nxf2 26. Qxf2 Qxf2 27. Nc2
Bf5 28. Ka2 Qxc2+ 29. Ka3 Rxd1 30. Rxd1 Qxd1 31. Kb4 Qd4+ 32. Kb5 Qc5+ 33. Ka6
Qa5+ 34. Kb7 Be4# 0-1

[Event "Let's Play Chess!"]
[Site "http://www.queenalice.com/game.php?id=120202"]
[Date "2006.10.23"]
[Round "-"]
[White "Thanatu"]
[Black "Uchoas"]
[Result "0-1"]
[WhiteElo "1325"]
[BlackElo "1481"]

1. e4 e5 2. d4 d6 3. Bc4 Nf6 4. b3 Bg4 5. Be2 exd4 6. Qxd4 Qe7 7. f3 Nc6 8. Bb5
Bd7 9. Qc4 O-O-O 10. Bf4 Na5 11. Qc3 Bxb5 12. Qxa5 Ba6 13. e5 dxe5 14. Bg3 Nd5
15. Ne2 f6 16. O-O Nb4 17. Nec3 Nxc2 18. Na3 Nxa3 19. Bf2 Bxf1 20. Kxf1 a6 21.
Bc5 Qxc5 22. Qxc5 Bxc5 0-1

[Event "Let's Play Chess!"]
[Site "http://www.queenalice.com/game.php?id=121599"]
[Date "2006.10.26"]
[Round "-"]
[White "Thanatu"]
[Black "Martinelli"]
[Result "0-1"]
[WhiteElo "1315"]
[BlackElo "1450"]

1. b3 e5 2. Ba3 Bxa3 3. Nxa3 Nc6 4. e3 d5 5. d3 Nf6 6. f4 exf4 7. exf4 Be6 8. c4
dxc4 9. dxc4 Qxd1+ 10. Kxd1 Rd8+ 11. Kc1 O-O 12. Nf3 Rd6 13. c5 Rd5 14. b4 Rfd8
15. Bc4 Nxb4 16. Bxd5 Nfxd5 17. Rd1 b6 18. cxb6 cxb6 19. Nb5 Rc8+ 20. Kb2 Rc2+
21. Kb3 a6 22. Nd6 a5 23. Nd4 Rc3+ 24. Kb2 a4 25. f5 a3+ 26. Kb1 Ne3 27. Re1
Nbc2 28. Nxc2 Nxc2 29. fxe6 fxe6 0-1

[Event "AUTO-BEG-35"]
[Site "http://www.queenalice.com/game.php?id=121720"]
[Date "2006.10.26"]
[Round "1"]
[White "Gota"]
[Black "Thanatu"]
[Result "1-0"]
[WhiteElo "1164"]
[BlackElo "1290"]

1. e4 b6 2. Qf3 Nh6 3. Bc4 Na6 4. g4 d5 5. Bb3 Bxg4 6. Qf4 Bh5 7. Nf3 e5 8. Qh4
Bxf3 9. Qh3 Bxh1 10. exd5 Nb4 11. c3 Nxd5 12. Qg2 Bxg2 13. Bxd5 Bxd5 14. d4 exd4
15. cxd4 Qe7+ 16. Be3 Ng4 17. Nc3 Bf3 18. Nd1 Nxh2 19. Rc1 c5 20. dxc5 O-O-O 21.
c6 Qc7 22. Bf4 1-0

[Event "AUTO-BEG-35"]
[Site "http://www.queenalice.com/game.php?id=121721"]
[Date "2006.10.26"]
[Round "1"]
[White "Thanatu"]
[Black "Gota"]
[Result "0-1"]
[WhiteElo "1269"]
[BlackElo "1185"]

1. b3 e5 2. Ba3 d6 3. e3 Bf5 4. Bd3 e4 5. Bc4 d5 6. Bb5+ c6 7. Be2 Bb4 8. Bxb4
Nf6 9. c4 dxc4 10. bxc4 Na6 11. Bc3 Nd5 12. cxd5 O-O 13. dxc6 bxc6 14. Bxa6 Qd7
15. Na3 Rab8 16. g4 Bxg4 17. Ne2 Rb6 18. Bc4 Rfb8 19. h3 Bxh3 20. Qc2 Bg2 21.
Rh4 Qf5 22. Ng3 Qg5 23. Rxe4 h5 0-1

[Event "AUTO-INT-241"]
[Site "http://www.queenalice.com/game.php?id=127812"]
[Date "2006.11.10"]
[Round "1"]
[White "Thanatu"]
[Black "Shydo"]
[Result "0-1"]
[WhiteElo "1338"]
[BlackElo "1648"]

1. e3 e5 2. d4 e4 3. c3 d5 4. g3 Nf6 5. Qa4+ Nc6 6. Na3 Bd6 7. Nb5 O-O 8. Nh3
Bxh3 9. Bxh3 a6 10. Nxd6 Qxd6 0-1

[Event "AUTO-INT-241"]
[Site "http://www.queenalice.com/game.php?id=127825"]
[Date "2006.11.10"]
[Round "1"]
[White "davividal"]
[Black "Thanatu"]
[Result "1-0"]
[WhiteElo "1471"]
[BlackElo "1318"]

1. e4 e6 2. d4 d5 3. e5 f6 4. Nf3 b6 5. Bd3 Bb4+ 6. c3 Be7 7. O-O fxe5 8. Nxe5
Bd6 9. Qh5+ g6 10. Bxg6+ Kf8 11. Bh6+ Nxh6 12. Qxh6+ Ke7 13. Qg7# 1-0

[Event "AUTO-INT-241"]
[Site "http://www.queenalice.com/game.php?id=127826"]
[Date "2006.11.10"]
[Round "1"]
[White "Thanatu"]
[Black "davividal"]
[Result "0-1"]
[WhiteElo "1305"]
[BlackElo "1489"]

1. c3 c5 2. d4 e6 3. dxc5 Bxc5 4. b4 Be7 5. e4 d5 6. f3 Qb6 7. h3 Bh4+ 8. Kd2
Bg5+ 9. Kc2 Qf2+ 10. Kd3 dxe4+ 11. Kxe4 Nf6+ 12. Ke5 Nc6+ 13. Kd6 Ne4+ 14. Kc7
Qb6# 0-1